<?xml version="1.0" encoding="utf-8"?>
<?xml-stylesheet type='text/xsl' href='./oai2.xsl'?>
<OAI-PMH xmlns="http://www.openarchives.org/OAI/2.0/" xmlns:xsi="http://www.w3.org/2001/XMLSchema-instance" xsi:schemaLocation="http://www.openarchives.org/OAI/2.0/ http://www.openarchives.org/OAI/2.0/OAI-PMH.xsd">
  <responseDate>2026-06-07T13:08:36Z</responseDate>
  <request verb="GetRecord" metadataPrefix="marcxml" identifier="record_kuniweb_2517445">https://kulturerbe.niedersachsen.de/oai</request>
  <GetRecord>
    <record>
      <header>
        <identifier>record_kuniweb_2517445</identifier>
        <datestamp>2026-03-31T19:09:18Z</datestamp>
        <setSpec>slg0175</setSpec>
      </header>
      <metadata>
        <marc:record xmlns:marc="http://www.loc.gov/MARC21/slim" xsi:schemaLocation="http://www.loc.gov/MARC21/slim http://www.loc.gov/standards/marcxml/schema/MARC21slim.xsd">
          <marc:leader>12345nkm  22     uu 4500</marc:leader>
          <marc:controlfield tag="001">2517445</marc:controlfield>
          <marc:controlfield tag="003">http://kuniweb.gbv.de</marc:controlfield>
          <marc:controlfield tag="005">2025-04-23T11:20:28</marc:controlfield>
          <marc:controlfield tag="008">|           ||||||||||||||||||||||</marc:controlfield>
          <marc:datafield tag="245" ind1="1" ind2="0">
            <marc:subfield code="a">Das Gastmahl. Nach Platon (zweite Fassung)</marc:subfield>
          </marc:datafield>
          <marc:datafield tag="720" ind1=" " ind2=" ">
            <marc:subfield code="a">Photographische Gesellschaft (Berlin)</marc:subfield>
          </marc:datafield>
          <marc:datafield tag="720" ind1=" " ind2=" ">
            <marc:subfield code="a">Anselm Feuerbach</marc:subfield>
          </marc:datafield>
          <marc:datafield tag="655" ind1=" " ind2="7">
            <marc:subfield code="a">Fotografie</marc:subfield>
          </marc:datafield>
          <marc:datafield tag="046" ind1=" " ind2=" ">
            <marc:subfield code="k">1874</marc:subfield>
            <marc:subfield code="k">ca. 1874 - ca. 1880 (Fotografie nach dem Gemälde Feuerbachs)</marc:subfield>
            <marc:subfield code="l">1880</marc:subfield>
          </marc:datafield>
          <marc:datafield tag="260" ind1=" " ind2=" ">
            <marc:subfield code="g">1874</marc:subfield>
            <marc:subfield code="g">1880</marc:subfield>
            <marc:subfield code="g">ca. 1874 - ca. 1880 (Fotografie nach dem Gemälde Feuerbachs)</marc:subfield>
          </marc:datafield>
          <marc:datafield tag="300" ind1=" " ind2=" ">
            <marc:subfield code="a">Höhe: 70 mm (Fotografie)
Breite: 126 mm (Fotografie)
Höhe: 168 mm (Kabinettkarte)
Breite: 108 mm (Kabinettkarte)</marc:subfield>
          </marc:datafield>
          <marc:datafield tag="520" ind1=" " ind2=" ">
            <marc:subfield code="a">Fotografie im Kabinettformat nach dem Gemälde Anselm Feuerbachs (zweite Fassung nach dem Gemälde von 1867-69 - figürliche Teile weitestgehend beibehalten, Gesimse, Reliefs, Kapitelle ausgeschmückt, Leerstellen durch Blumenkränze gefüllt und dabei die Farbigkeit gesteigert; ein illusionistisch gemalter Rahmen hinzugefügt); Kabinettkarte herausgegeben von der Photographischen Gesellschaft Berlin (T. Mahler 07/2024)

Aufdruck:
"A. FEUERBACH." o. mittig "Berlin, Dönhofsplatz." u. li. "Das Gastmahl des Plato./ 644./ PHOTOGRAPHISCHE GESELLSCHAFT" u. mittig "Wien, Kolowratring 6." u. re. "PHOTOGRAPHISCHE GESELLSCHAFT/ BERLIN/ Dönhofs-Platz./ In unserem Verlage sind in grösstem Wandformat wie in kleinem Mappenformat erschienen:/ Moderne Bilder/ direct nach den Original-Gemälden der bedeutendsten Meister photographiert/ Classische Bilder/ nach Zeichnungen./ Pracht- u. Sammel-Werke von 15 bis 600 Mark./ Gallerie-Werke/ Original-Photographien nach alten Gemälden der Berliner, Dresdener, Florentiner, Londoner, Louvre-Gallerie./ Vollständiger Catalog/ mit 4 Photographien, franco gegen Einsendung von 50 Pfennigen in deutschen oder ausländischen Postmarken./ Permanente Ausstellung u. Detail-Verkauf/ Krausenstr. 36, am Dönhofsplatz./ Einrahmungen und Mappen zu jedem Format./ Alle Aufträge, auch die kleinsten, werden durch jede Buch- und Kunst-Handlung oder direct schnell und sorgfältig ausgeführt./ Gegründet 1862." verso ganzseitig mit verzierter Umrahmung (Druck auf der Kabinettkarte)</marc:subfield>
          </marc:datafield>
          <marc:datafield tag="650" ind1="1" ind2=" ">
            <marc:subfield code="a">Grafik, Fotografie &gt; Fotografie</marc:subfield>
          </marc:datafield>
          <marc:datafield tag="773" ind1="0" ind2=" ">
            <marc:subfield code="t">Sammlung und Nachlass Hermann Allmers</marc:subfield>
          </marc:datafield>
          <marc:datafield tag="852" ind1=" " ind2=" ">
            <marc:subfield code="a">Archiv des Landkreises Cuxhaven</marc:subfield>
          </marc:datafield>
          <marc:datafield tag="852" ind1=" " ind2=" ">
            <marc:subfield code="a">Wien</marc:subfield>
          </marc:datafield>
          <marc:datafield tag="852" ind1=" " ind2=" ">
            <marc:subfield code="a">Berlin</marc:subfield>
          </marc:datafield>
          <marc:datafield tag="" ind1=" " ind2=" ">
            <marc:subfield code="a">Sammlung und Nachlass Hermann Allmers sind Eigentum der Hermann-Allmers-Gesellschaft e. V. und werden in zwei Teilen an zwei Standorten verwahrt:
Die (museale) Sammlung, bestehend aus Mobiliar und Hausgerät, Tafelgemälden, kleineren und größeren Antiken, Gipsabgüssen, kunsthandwerklichen Objekten aus Keramik und Glas und einer kleinen Bibliothek, befindet sich im Allmers-Haus in Rechtenfleth.
Der literarische, grafische und fotografische "Nachlass Hermann Allmers" hingegen ist im Archiv des Landkreises Cuxhaven in Otterndorf deponiert.</marc:subfield>
          </marc:datafield>
          <marc:datafield tag="" ind1=" " ind2=" ">
            <marc:subfield code="a">Namensnennung - Nicht kommerziell - Keine Bearbeitungen 4.0 International (CC BY-NC-ND 4.0)</marc:subfield>
          </marc:datafield>
        </marc:record>
      </metadata>
    </record>
  </GetRecord>
</OAI-PMH>
